000 00664nam a2200217Ia 4500
008 210303s9999 xx 000 0 und d
016 _2retro2022
020 _a9783521314
040 _aNLN
_bEnglish
050 _aS494.5
_b.O35
082 _a630.2
100 _aOGUNBAMERU, Bankole Oluwafemi
_eaut
_923342
245 0 _aPractical agricultural communication /
_cBankole Oluwafemi Ogunbameru
260 _aIbadan, Oyo state ( P. O. Box 12668 G. P. O. ) :
_bDaily graphics,
_c2001
300 _a119p.
_b; 21cm.
500 _aincludes bibliography: P. 113-116
563 _a(pbk)
650 _aCommunication in agriculture
_911243
942 _cBK
942 _n0
999 _c11613
_d11613